statistieken voor Eredivisie Teams 2019-2020

Klik hier om de quiz te nemen!

Generale statistieken

  • Deze quiz is al 9 keer genomen
  • De gemiddelde score is 10 of 18

Antwoord statistieken

Team % Correct
PSV Eindhoven
100%
Ajax
100%
Utrecht
89%
Feyenoord
78%
AZ Alkmaar
78%
FC Twente
67%
Groningen
67%
Sparta Rotterdam
67%
Den Haag
56%
Fortuna Sittard
56%
Waalwijk
44%
Emmen
44%
Heerenveen
44%
Willem II
44%
Heracles
33%
Vitesse
33%
Zwole
11%
Vento
0%

Score Distributie

Percentiel op hoeveel beantwoord

Procent van mensen met elke score

Uw Scoregeschiedenis

U hebt deze quiz nog niet genomen